Taylor Swift - Chansons les plus streamés de The Life of a Showgirl - Statistiques

Statistiques générales
  • Ce quiz a été pris 26 fois
  • Le résultat moyen est 11 sur 12
Statistiques - réponses
Streams Chansons % Correct
518M The Fate of Ophelia
100%
223,6M The Life of a Showgirl (feat. Sabrina Carpenter)
100%
327,9M Opalite
96%
219,9M Wood
91%
216M Actually Romantic
87%
211M Eldest Daughter
87%
287M Elizabeth Taylor
87%
257,8M Father Figure
87%
217M CANCELLED!
83%
176,7M Honey
83%
200,8M Ruin the Friendship
83%
216M Wi$h Li$t
83%
Aucun quiz correspondant
Distribution des résultats
% des personnes avec chaque résultat
Percentile par nombre de réponses
Votre historique - résultats
Vous n’avez pas pris ce quiz